000 00671nam a2200157 a 4500
008 120416s1966 ||||||||||||||||| || u
050 _aTS 156.Q3 Hal
100 _aHalpin, James F
245 1 0 _aZero defects
246 _aa new dimension in quality assurance
260 _aNew York
_bMcGraw-Hill
_c1966
300 _axii, 228p. : ill.
350 _a0.00
995 _aANNEX COLLECTION (Main Library)
_D0.00
_e015922
_FCBU-MAIN LIBRARY (Kitwe)
_H1
_I9.95
_jTS 156.Q3 Hal
_UAVAILABLE
_y015922
_ZAnnex Low-Usage Collection
995 _aANNEX COLLECTION (Main Library)
_D0.00
_e015923
_FCBU-MAIN LIBRARY (Kitwe)
_H2
_I9.95
_jTS 156.Q3 Hal
_UAVAILABLE
_y015923
_ZAnnex Low-Usage Collection
999 _c83439
_d83439